SMM 6: brief introductory guide. Standard method of Measurement (Record no. 89213)

MARC details
000 -LEADER
fixed length control field 00552cam a2200205 4500
001 - CONTROL NUMBER
control field D16241
008 - FIXED-LENGTH DATA ELEMENTS--GENERAL INFORMATION
fixed length control field 090401t1978 xxu||||| |||| 00| 0 eng d
035 ## - SYSTEM CONTROL NUMBER
System control number (Sirsi) u28160
041 ## - LANGUAGE CODE
Language code of text/sound track or separate title eng
050 ## - LIBRARY OF CONGRESS CALL NUMBER
Classification number 692.5
110 ## - MAIN ENTRY--CORPORATE NAME
Corporate name or jurisdiction name as entry element Royal Institution of Chartered Surveyors
9 (RLIN) 4900
245 ## - TITLE STATEMENT
Title SMM 6: brief introductory guide. Standard method of Measurement
250 ## - EDITION STATEMENT
Edition statement 6th
260 ## - PUBLICATION, DISTRIBUTION, ETC.
Name of publisher, distributor, etc. RICS/NFBTE
Date of publication, distribution, etc. 1978
300 ## - PHYSICAL DESCRIPTION
Extent 8p. 30cm
350 ## - PRICE (NR) (BK AM CF MU VM SE) [OBSOLETE]
Price 0
520 ## - SUMMARY, ETC.
Summary, etc. Filed in box 1978/29 A ; Filed in SMM box 1978/2 BC
942 ## - ADDED ENTRY ELEMENTS (KOHA)
Suppress in OPAC 0
948 ## - LOCAL PROCESSING INFORMATION (OCLC); SERIES PART DESIGNATOR (RLIN)
c (OCLC) 04/03/1997
Holdings
Withdrawn status Lost status Source of classification or shelving scheme Damaged status Not for loan Home library Current library Shelving location Date acquired Total Checkouts Full call number Barcode Date last seen Copy number Price effective from Koha item type Date last checked out
    Other/Generic Classification Scheme     London London Gallery 22/08/1991   SMM 1978/2 30026146 06/08/2019 1 06/08/2019 Reference material  
    Other/Generic Classification Scheme     London London Boxed set 15/01/1992   SMM 1978/2 30032263 06/08/2019 2 06/08/2019 Reference material  
    Other/Generic Classification Scheme     London London Gallery 14/09/1999 3 SMM 1978/2 30032279 06/08/2019 3 06/08/2019 Book 10/04/2007